ბათუმის შოთა რუსთაველის სახელმწიფო უნივერსიტეტის ბიბლიოთეკა

Железобетонные конструкции. Общий курс. (ბიბ.ჩანაწერი № 38683)

000 -LEADER
fixed length control field 00767nam a2200241Ia 4500
001 - CONTROL NUMBER
control field 4928
003 - CONTROL NUMBER IDENTIFIER
control field GE_BSU
008 - FIXED-LENGTH DATA ELEMENTS--GENERAL INFORMATION
fixed length control field 181216s||||||||xx |||||||||||||| ||und||
040 ## - CATALOGING SOURCE
Transcribing agency GE_BSU
080 ## - UNIVERSAL DECIMAL CLASSIFICATION NUMBER
Universal Decimal Classification number 624.012.45(075.8)
100 ## - MAIN ENTRY--PERSONAL NAME
Personal name Байков,В.Н. Сигалов,Э.Е.
245 ## - TITLE STATEMENT
Title Железобетонные конструкции. Общий курс.
245 ## - TITLE STATEMENT
Remainder of title Учебник для вузов.
245 ## - TITLE STATEMENT
Statement of responsibility, etc. Ред.болотина.
250 ## - EDITION STATEMENT
Edition statement изд. 3-е, исправленное.
260 ## - PUBLICATION, DISTRIBUTION, ETC.
Place of publication, distribution, etc. М.
260 ## - PUBLICATION, DISTRIBUTION, ETC.
Name of publisher, distributor, etc. Стройиздат.
260 ## - PUBLICATION, DISTRIBUTION, ETC.
Date of publication, distribution, etc. 1978.
300 ## - PHYSICAL DESCRIPTION
Extent 767стр.22см.
300 ## - PHYSICAL DESCRIPTION
Accompanying material Чертеж. Приложения:стр.735-742.
653 ## - INDEX TERM--UNCONTROLLED
Uncontrolled term Железобетонные конструкции.
942 ## - ADDED ENTRY ELEMENTS (KOHA)
Koha item type წიგნი
ეგზემპლარები
Withdrawn status Lost status Damaged status Not for loan Date acquired Barcode Date last seen Price effective from Koha item type
        2018-12-17 11427 2018-12-17 2018-12-17 წიგნი
        2018-12-17 11426 2018-12-17 2018-12-17 წიგნი
        2018-12-17 11425 2018-12-17 2018-12-17 წიგნი
        2018-12-17 11424 2018-12-17 2018-12-17 წიგნი